Brahma's Dream/ (Record no. 64491)

MARC details
000 -LEADER
fixed length control field 00376nam a22001457a 4500
005 - DATE AND TIME OF LATEST TRANSACTION
control field 20180726145437.0
020 ## - INTERNATIONAL STANDARD BOOK NUMBER
International Standard Book Number 818693927
Terms of availability 495.00
035 ## - SYSTEM CONTROL NUMBER
System control number B-212414, B-212409
037 ## - SOURCE OF ACQUISITION
Stock number dpl
100 ## - MAIN ENTRY--PERSONAL NAME
Personal name Ghatage, Shree
245 ## - TITLE STATEMENT
Title Brahma's Dream/
Statement of responsibility, etc By Shree Ghatage
260 ## - PUBLICATION, DISTRIBUTION, ETC. (IMPRINT)
Place of publication, distribution, etc New Delhi
Name of publisher, distributor, etc India Ink Roli Books
Date of publication, distribution, etc 2004
300 ## - PHYSICAL DESCRIPTION
Extent x,436p.
Dimensions 23 cms.
942 ## - ADDED ENTRY ELEMENTS (KOHA)
Source of classification or shelving scheme Dewey Decimal Classification
Item type English Books
Classification part N
Call number suffix GHA

No items available.


© Delhi Public Library
Hit Counter
free hit counter